000 00630nam a2200217 i 4500
001 189374
003 SpMaBN
005 20230906223447.0
008 190527s1985 sp c |||| | spa d
020 _a84-86353-06-8
080 _a860-14"19"
100 1 _aPresa, Vicente.
_993770
245 1 0 _aArena de memoria /
_cVicente Presa.
260 _aMadrid :
_bEl Observatorio,
_c1985.
300 _a96 p. :
_b1 retr. autor ;
_c17 cm.
490 1 _aPoesía ;
_v3
598 _aEn port. y cub.: numerado también como v. 2 de la serie.
830 0 _aPoesía ;
_v3
_9177794
852 _aES-MaACL
_jL-32369
999 _c189374
_d189374